| 000 | 00895cam a2200277 4500 | ||
|---|---|---|---|
| 008 | 000000n2000 000 0 eng u | ||
| 020 | _a00713555537 | ||
| 035 | _a(Sirsi) u105627 | ||
| 050 | _a711.52 | ||
| 110 |
_aCongress for the New Urbanism _93869 |
||
| 245 | _aCharter of the new urbanism | ||
| 260 |
_bMcGraw Hill _c2000 |
||
| 300 | _a194p. ill. ; 28cm. | ||
| 350 | _a39.99 | ||
| 520 | _aA collection of case studies and essays by desingers, developers, elected officials and academics, it explains how to revive cities, overhaul suburbs, break the gridlock on our streets, improve public safety, and preserve open land. | ||
| 650 | _aCITIES | ||
| 650 | _aTOWNS | ||
| 650 | _aPLANNING | ||
| 650 | _aURBAN REGENERATION | ||
| 650 | _aRESIDENTIAL AREAS | ||
| 650 | _aREGENERATION | ||
| 650 | _aTRANSPORT | ||
| 650 | _aPLANNING | ||
| 690 | _aREGENERATION | ||
| 942 | _n0 | ||
| 999 |
_c100456 _d100456 |
||